| 000 | 00552nam a22001937a 4500 | ||
|---|---|---|---|
| 003 | MPLRDC | ||
| 005 | 20220104200805.0 | ||
| 008 | 210129b ||||| |||| 00| 0 eng d | ||
| 020 | _a978-986-93518--0-5 | ||
| 082 | _a586.5 DAR | ||
| 100 | _a汤玛斯·达恩史戴特 THOMAS DARNSTADT | ||
| 245 |
_a法官的被害人 _c郑惠芬 译 |
||
| 250 | _a初版 | ||
| 260 |
_a台湾 _b卫城出版, 远足文化事业股份有限公司 _c2016 |
||
| 300 | _b平 | ||
| 520 | _a上架 2016-12-16。 | ||
| 650 | _a审判,裁判 | ||
| 942 |
_cBK _o586.5 DAR |
||
| 999 |
_c66869 _d66859 |
||